LEADER 01330nam0-22003371i-450- 001 990001862270403321 005 20081020144910.0 035 $a000186227 035 $aFED01000186227 035 $a(Aleph)000186227FED01 035 $a000186227 100 $a20030910d1963----km-y0itay50------ba 101 0 $aita 102 $aIT 105 $ay-------001yy 200 1 $a<>azione esercitata dal colostro vaccino sull'accrescimento ponderale, sull'indice di conversione dell'alimento e sulla composizione chimico-bromatologica delle carni nei Broilers$fAttilio Bosticco, Alberto Bonomi 210 $aTorino$c[s.n.]$d1963 215 $a11 p.$d24 cm 225 1 $aRaccolta di memorie$fUniversità degli studi di Torino. Facoltà di scienze agrarie$v321 300 $aEstr. da: Rivista di zootecnica agricoltura veterinaria, n. 3,1963. 610 0 $aZootecnica 676 $a636 700 1$aBosticco,$bAttilio$081802 701 1$aBonomi,$bAlberto$081798 801 0$aIT$bUNINA$gRICA$2UNIMARC 901 $aBK 912 $a990001862270403321 952 $a60 MISC. B 131/321$fFAGBC 959 $aFAGBC 996 $aAzione esercitata dal colostro vaccino sull'accrescimento ponderale, sull'indice di conversione dell'alimento e sulla composizione chimico-bromatologica delle carni nei Broilers$9401743 997 $aUNINA LEADER 01754oam 2200505zu 450 001 9910830901703321 005 20210807004636.0 010 $a1-118-66967-3 035 $a(CKB)3450000000004164 035 $a(SSID)ssj0001034012 035 $a(PQKBManifestationID)11587955 035 $a(PQKBTitleCode)TC0001034012 035 $a(PQKBWorkID)11006194 035 $a(PQKB)11011838 035 $a(NjHacI)993450000000004164 035 $a(PPN)189484179 035 $a(EXLCZ)993450000000004164 100 $a20160829d2013 uy 101 0 $aeng 135 $aur||||||||||| 181 $ctxt 182 $cc 183 $acr 200 10$aPorphyry Copper Deposits in the American Southwest: Tucson to Globe-Miami, Arizona July19 - 23 1989 210 31$a[Place of publication not identified]$cAmerican Geophysical Union$d2013 215 $a1 online resource (v, 26 pages) $cillustrations 225 1 $aField trip guidebook (International Geological Congress (28th : 1989 : Washington, D.C.)) ;$vT338 300 $aBibliographic Level Mode of Issuance: Monograph 311 $a0-87590-556-0 410 0$aField trip guidebook (International Geological Congress (28th : 1989 : Washington, D.C.)) ;$vT338. 606 $aCopper ores $zArizona 606 $aPorphyry 606 $aPorphyry $zArizona 615 0$aCopper ores 615 0$aPorphyry. 615 0$aPorphyry 676 $a342.791023 700 $aTitley$b Spencer R$0961864 702 $aAnthony$b Elizabeth Y 702 $aAnzalone$b S. A 801 0$bPQKB 906 $aBOOK 912 $a9910830901703321 996 $aPorphyry Copper Deposits in the American Southwest: Tucson to Globe-Miami, Arizona July19 - 23 1989$92180684 997 $aUNINA